Loading...
Vinjana deepika Part.2 /
| Main Author: | |
|---|---|
| Format: | Printed Book |
| Language: | Malayalam |
| Published: |
Ulloor Publications ,
1969.
|
| Subjects: |
| LEADER | 00518nam a2200157Ia 4500 | ||
|---|---|---|---|
| 008 | 150624b xxu||||| |||| 00| e mal d | ||
| 082 | |a 854.232 | ||
| 100 | |a Parameswara Iyer, Ulloor | ||
| 245 | |c Ulloor Parameswara Iyer |a Vinjana deepika Part.2 / | ||
| 260 | |b Ulloor Publications , |c 1969. | ||
| 300 | |a 400 p. | ||
| 546 | |a In Malayalam. | ||
| 650 | |v Essays | ||
| 942 | |c BK | ||
| 999 | |c 75468 |d 75468 | ||
| 952 | |0 1 |1 0 |4 1 |6 854_232000000000000_VIJ_M |7 0 |9 75412 |a UL |b UL |c ST1 |d 1998-09-15 |l 0 |o 854.232 VIJ M |p 25049 |r 2012-10-27 |w 2012-10-27 |y BK | ||